00535 a2200169 4500010004200000020002600042035002800068037001800096037001400114082001100128245005700139260004200196270004400238300002700282490003800309700001800347 a1718EN-30 B-687934-944 ENG-124499 c399.00a9789351710431 aB-687934-944 EN-108031 bMallika adpl bDBAD/PUB. a954.56 aEssays in medieval Delhi / cedited by Nirmal Kumar  aNew DelhibResearch India Pressc2016 aE-6/34, Sangam ViharbNew Delhie110062 axxiv,391p.c21cm(pbk ) aDebates in Indian History Series  aNirmal Kumar